000 01717cam a2200337 i 4500
001 17371416
003 EG-ScBUE
005 20240923112414.0
008 120702s2013 mdua f b 001 0 eng d
020 _a9781421407944 (alk. paper)
020 _a1421407949 (alk. paper)
040 _aYDXCP
_beng
_erda
_cYDXCP
_dJHE
_dBWX
_dCDX
_dMUU
_dMYG
_dUKMGB
_dDLC
_dEG-ScBUE
082 0 4 _a512.9434
_222
_bGOL
100 1 _aGolub, Gene H.
_q(Gene Howard),
_d1932-2007,
_eauthor.
_938556
245 1 0 _aMatrix computations /
_cGene H. Golub, Department of Computer Science, Stanford University, Charles F. Van Loan, Department of Computer Science, Cornell University.
250 _aFourth edition.
264 1 _aBaltimore, Maryland :
_bThe Johns Hopkins University Press,
_c2013.
300 _axxi, 756 pages :
_billustrations ;
_c26 cm.
336 _2rdacontent
_atext
_btxt
337 _aunmediated
_2rdamedia
_bn
338 _avolume
_bnc
_2rdacarrier
490 0 _aJohns Hopkins studies in the mathematical sciences
504 _aIncludes bibliographical references and index.
505 0 0 _g1.
_tMatrix multiplication --
_g2.
_tMatrix analysis --
_g3.
_tGeneral linear systems --
_g4.
_tSpecial linear systems --
_g5.
_tOrthogonalization and least squares --
_g6.
_tModified least squares problems and methods --
_g7.
_tUnsymmetric eigenvalue problems --
_g8.
_tSymmetric eigenvalue problems --
_g9.
_tFunctions of matrices --
_g10.
_tLarge sparse eigenvalue problems --
_g11.
_tLarge sparse linear system problems --
_g12.
_tSpecial topics.
650 7 _aMatrices
_xData processing.
_2BUEsh
651 _2BUEsh
653 _bENGGEN
_cOctober2015
655 _vReading book
_934232
700 1 _aVan Loan, Charles F.,
_eauthor.
942 _2ddc
_cBB
999 _c20956
_d20928